Social chemistry decoding the patterns of human connection (Record no. 2802)

MARC details
000 -LEADER
fixed length control field 00425nam a22001457a 4500
008 - FIXED-LENGTH DATA ELEMENTS--GENERAL INFORMATION
fixed length control field 250403b |||||||| |||| 00| 0 eng d
020 ## - INTERNATIONAL STANDARD BOOK NUMBER
ISBN 9781473689527
100 ## - MAIN ENTRY--AUTHOR
Author King Marissa
245 ## - TITLE STATEMENT
Title Social chemistry decoding the patterns of human connection
260 ## - PUBLICATION, DISTRIBUTION, ETC. (IMPRINT)
Place of publication London
Name of publisher Hodder and stoughton Ltd
Date of publication 2021
300 ## - COLLATION
Pagination vii,357p
650 ## - TRACINGS
Main Subject Interpersonal Relations
Subdivision (1st) Social Networks
942 ## - ADDED ENTRY ELEMENTS (KOHA)
Item type Books
050 ## - LIBRARY OF CONGRESS CALL NUMBER
Classification number HM1106
Item number .K56
Holdings
Source of classification or shelving scheme Not for loan Permanent location Current location Date acquired Accession No. Full call number Barcode. Koha item type
Library of Congress Classification   Samuel Ogbemudia Main Library, University of Abuja Samuel Ogbemudia Main Library, University of Abuja 04/03/2025 2024/63440 HM1106.K56 2025-1108 Books